Score 0/20 Timer 05:00
3 Plays Today
Looker Lookee % Correct
Thomas, James (the Greater), PhillipJesus Christ
91.3%
Edwin 'Buzz' AldrinNeil Armstrong
85.7%
John F. Kennedy Jr.John F. Kennedy
76.9%
George, Paul, RingoJohn Lennon
70.8%
Princess DianaPrince Charles
69.4%
Wilbur WrightOrville Wright
62.2%
Franklin D. RooseveltWinston Churchill
48.1%
Sonny BonoCher
48.1%
German crowdAdolf Hitler
42.9%
GodAdam
41.1%
Looker Lookee % Correct
Chief Justice John RobertsBarack Obama
40%
Baby ChimpJane Goodall
36.1%
Gen. John McClernandAbraham Lincoln
35%
Chico & Harpo MarxGroucho Marx
33.3%
Jim LeavelleJack Ruby
29%
Muhammad AliSonny Liston
22.8%
George Lucas & Harrison FordSteven Spielberg
20.3%
Barack ObamaJohn Roberts
18.9%
CritoSocrates
16.2%
Richard NixonNikita Khrushchev
2.5%
Remove Ads.
Support Sporcle.
Get the best of Sporcle when you Go Orange. This ad-free experience offers more features, more stats, and more fun while also helping to support Sporcle. Thank you for becoming a member.

You're not logged in!

Compare scores with friends on all Sporcle quizzes.
OR
Log In

Show Comments

Extras

Top Quizzes Today


Score Distribution

Your Account Isn't Verified!

In order to create a playlist on Sporcle, you need to verify the email address you used during registration. Go to your Sporcle Settings to finish the process.

Report this User

Report this user for behavior that violates our Community Guidelines.

Details: